000 00814nam a2200265Ia 4500
001 21628
005 20260320113300.0
008 260320s9999||||xx |||||||||||||| ||und||
020 _a9788432132445
041 _aESP
082 _a232.917
_bB24
100 _aBarthas, R.,
_eAUT
245 0 _a La Virgen de Fátima
_b
246 _aFátima merville du XXsiecle. Il était trois petits enfants
_5
_b
250 _aDecimotercera edición
260 _aMadrid :
_bEdiciones Rialp,
_c2009
300 _a415 páginas :
_b
_c24 cm.
_e
440 _a
_n
_v
650 _aREL
653 _aVirgen de fátima, milagros y apariciones
654 _aCHU
700 _a
_c
856 _uhttps://go-gale-com.ucsp.lookproxy.com/ps/start.do?p=IFME&u=ucsp
_zVéase además: Base de datos Gale
942 _cLIB
_dJUS
_fMIP
_2ddc
_n
999 _c21628
_d21628